000 00449nam a2200169 i 4500
001 bg
100 1 _aBUSLENKO, Nikolaj P.
245 0 _aTeoria systemów złożonych /
_cN.P. Buslenko, W.W. Kałasznikow, I.N. Kovalenko.
260 _aWarszawa,
_c1979.
700 1 _aKALASNIKOV, Vladimir V.
700 1 _aKOVALENKO, Igor N.
040 _cBPK
041 _apol
080 _a65.012:51
942 _cKS
008 s pl f |000 0 pol
999 _c9977
_d9977
856 _uhttp://koha.tu.koszalin.pl/cgi-bin/koha/opac-detail.pl?biblionumber=9977
_yKatalog online BPK